LEADER 01028nam a2200229 i 4500 001 000000203667 003 CaOOAMICUS 005 20110704000000.0 008 110704s1988 it u000 u ita u 013 $a182381 040 $aSeMil$bita 100 1 $aCànopi, Anna Maria,$c.$0(OLS)http://semarc/name/90313 245 10$aCammina umilmente con il tuo Dio :$b"Lectio divina" su alcuni passi del profeta Michea /$cAnna Maria Canopi. 250 $a2. Ed. 260 $aIsola San Giulio (Novara) :$bAbbazia Benedettina «Mater Ecclesiae»,$c1988. 300 $a53 p. ;$c22 cm. 500 $aTitolo dalla copertina. 850 $aSeMil 852 $aSeMil$W1$xVenegono$y1$m5B III 18/12$j154161$B154161$CSeMilBibl$Z2$F165053 $81 961 $aOmaggio: Altro 996 $6245$aCammina umilmente con il tuo Dio :$b"Lectio divina" su alcuni passi del profeta Michea$9(OLS)http://semarc/title/295044 996 $6260$aIsola San Giulio (Novara) :$bAbbazia Benedettina «Mater Ecclesiae»$9(OLS)http://semarc/publisher/51604 LEADER 00773nam a2200205 i 4500 001 000000085983 003 CaOOAMICUS 005 20230911103536.0 008 180830s1981 xx u000 u und u 040 $aSeMil$bita 100 1 $aAngela, Piero,$d<1928- >.$0(OLS)http://semarc/name/26207 245 10$aNel buio degli anni luce. 264 1$aMilano :$bGarzanti,$c1981. 300 $a187 p. :$bill. ;$c18 cm 650 4$aProgresso tecnico - Aspetti culturali.$0(OLS)http://semarc/subject/3900 850 $aSeMil 852 $aSeMil$W1$xVenegono$y1$m60 12 718 *$j49783$B49783$CSeMilBibl$Z2$F53582 $81 996 $6245$aNel buio degli anni luce$9(OLS)http://semarc/title/132423 996 $6264$aMilano :$bGarzanti$9(OLS)http://semarc/publisher/29852